000 00849cam a22002533a 4500
001 5734
003 PGUSA
005 20140828083124.0
008 040501s2004||||xxu|||||s|||||000 | eng d
040 _aPGUSA
_beng
042 _adc
050 4 _aBX
100 1 _aRichardson, Sarah J.,
_d1835-
245 1 0 _aLife in the Grey Nunnery at Montreal :
_bAn Authentic Narrative of the Horrors, Mysteries, and Cruelties of Convent Life
_h[electronic resource] /
_cSarah J. Richardson
260 _bProject Gutenberg,
_c2004
506 _aPublic domain in the USA.
516 _aElectronic text
653 _aEx-nuns -- Biography
653 _aRichardson, Sarah J., b. 1835
653 _aConvents -- Québec (Province) -- Montréal -- Biography
830 0 _aProject Gutenberg
_v5734
856 4 0 _uhttp://www.gutenberg.org/ebooks/5734
942 _cEB
999 _c235062
_d235062